000 00417nam a22001097a 4500
082 _a150/SHA
100 _aशर्मा , डां पवित्र कुमार
_977027
245 _aतनावमुक्ति के सरल उपाय
260 _aदिल्‍ली
_bगैलेक्‍सी पब्लिशर्स
_c2022
650 _aमनोविज्ञान
942 _cHIN
999 _c65658
_d65658